Putting the professionals under one roof (Record no. 9430)

MARC details
000 -LEADER
fixed length control field 01097cab a2200217 4500
001 - CONTROL NUMBER
control field ABS39106
008 - FIXED-LENGTH DATA ELEMENTS--GENERAL INFORMATION
fixed length control field 090401t1988 xxu||||| |||| 00| 0 eng d
035 ## - SYSTEM CONTROL NUMBER
System control number (Sirsi) u14469
041 ## - LANGUAGE CODE
Language code of text/sound track or separate title eng
100 ## - MAIN ENTRY--PERSONAL NAME
Personal name Bailey, A.
245 ## - TITLE STATEMENT
Title Putting the professionals under one roof
260 ## - PUBLICATION, DISTRIBUTION, ETC.
Date of publication, distribution, etc. 1988
350 ## - PRICE (NR) (BK AM CF MU VM SE) [OBSOLETE]
Price 0
490 ## - SERIES STATEMENT
Series statement Director
Volume/sequential designation 41(10) April 1988, 37-38(2)
520 ## - SUMMARY, ETC.
Summary, etc. Barriers between property related professions ie. accountants , lawyers , surveyors and architects are being broken down both in the field of house purchase , where the day of one-stop shopping is close and in larger general surveying practices which are beginning to offer a services including financial services and research . Many major firms have already established research departments to analyse and market the mass of information available to them eg. values, rents and locations and to produce reports on specific problems.
650 ## - SUBJECT ADDED ENTRY--TOPICAL TERM
Topical term or geographic name entry element MIXED PARTNERSHIPS
650 ## - SUBJECT ADDED ENTRY--TOPICAL TERM
Topical term or geographic name entry element MULTIDISCIPLINARY PRACTICES
690 ## - LOCAL SUBJECT ADDED ENTRY--TOPICAL TERM (OCLC, RLIN)
Topical term or geographic name as entry element MANAGEMENT-BUSINESS MANAGEMENT-PROFESSIONAL PRACTICE
942 ## - ADDED ENTRY ELEMENTS (KOHA)
Suppress in OPAC 0
948 ## - LOCAL PROCESSING INFORMATION (OCLC); SERIES PART DESIGNATOR (RLIN)
c (OCLC) 04/03/1997
Holdings
Withdrawn status Lost status Source of classification or shelving scheme Damaged status Not for loan Home library Current library Shelving location Date acquired Total Checkouts Full call number Barcode Date last seen Copy number Price effective from Koha item type
    Dewey Decimal Classification     London London Journal article 14/09/1999   ABS39106 14469-1001 06/08/2019 1 06/08/2019 Journal article